Joan Miró, litógrafo. (Record no. 90741)

MARC details
000 -LEADER
campo de control de longitud fija 00688nam a2200217 i 4500
001 - NÚMERO DE CONTROL
campo de control 90741
003 - IDENTIFICADOR DE NÚMERO DE CONTROL
campo de control ES-MaACL
005 - FECHA Y HORA DE LA ÚLTIMA TRANSACCIÓN
campo de control 20240521111715.0
007 - CAMPO FIJO DE DESCRIPCIÓN FÍSICA--INFORMACIÓN GENERAL
campo de control de longitud fija t|
008 - DATOS DE LONGITUD FIJA--INFORMACIÓN GENERAL
campo de control de longitud fija 050124s1972 sp ||||1| spa d
080 ## - NÚMERO DE LA CLASIFICACIÓN DECIMAL UNIVERSAL
Número de la Clasificación Decimal Universal 76 Miró, Joan
100 1# - ENTRADA PRINCIPAL--NOMBRE DE PERSONA
Nombre de persona Leiris, Michel.
9 (RLIN) 71391
245 10 - MENCIÓN DEL TÍTULO
Título Joan Miró, litógrafo.
Número de parte o sección de la obra 1 /
Mención de responsabilidad, etc. Michel Leiris ; Fernand Mourlot, catálogo y notas ; traducción, Joaquín Marco.
260 ## - PUBLICACIÓN, DISTRIBUCIÓN, ETC.
Lugar de publicación, distribución, etc. Barcelona :
Nombre del editor, distribuidor, etc. Polígrafa,
Fecha de publicación, distribución, etc. 1972.
300 ## - DESCRIPCIÓN FÍSICA
Extensión 1 v., 128 lám. ;
Dimensiones 23 cm.
600 14 - PUNTO DE ACCESO ADICIONAL DE MATERIA--NOMBRE DE PERSONA
Nombre de persona Miró, Joan.
9 (RLIN) 81604
700 1# - ENTRADA AGREGADA--NOMBRE PERSONAL
Nombre de persona Mourlot, Fernand.
9 (RLIN) 83907
700 1# - ENTRADA AGREGADA--NOMBRE PERSONAL
Nombre de persona Marco, Joaquín,
Fechas asociadas al nombre 1935-2020
9 (RLIN) 76466
852 4# - LOCALIZACIÓN
Ubicación ES-MaACL
Número de control de estantería P-1426
Holdings
Estatus retirado Estado de pérdida Estado de daño No para préstamo Biblioteca de origen Biblioteca actual Ubicación en estantería Fecha de adquisición Fuente de adquisición Total de préstamos Signatura topográfica completa Código de barras Visto por última vez Precio de reemplazo Tipo de ítem Koha
        Biblioteca del Ateneo de Madrid Biblioteca del Ateneo de Madrid Depósito 2 17/01/2008     P-1426 1094746 23/02/2023 23/02/2023 Libro impreso